| 000 | 01089 a2200313 4500 | ||
|---|---|---|---|
| 001 | 200425037 | ||
| 003 | TR-AnTOB | ||
| 005 | 20241025101627.0 | ||
| 008 | 160906e2015 tu 000 0 | ||
| 020 | _a9786051522296 | ||
| 040 |
_aTR-AnTOB _beng _erda _cTR-AnTOB |
||
| 041 | _atur | ||
| 050 | 4 |
_aKKX3440 _b.A4769 2015 |
|
| 090 |
_aKKX3440 _b.A4769 2015 |
||
| 100 | 1 |
_aAksoy, Sami _9115760 |
|
| 245 | 1 | 0 |
_aTaşıma hukukunda fiili taşıyıcı / _cSami Aksoy. |
| 250 | _aFirst edition, İstanbul, Nisan 2015 | ||
| 264 | 1 |
_aİstanbul : _bOn İki Levha Yayıncılık, _c2015. |
|
| 300 |
_axxiv, 300 pages : _billustrations ; _c24 cm. |
||
| 336 |
_atext _2rdacontent. |
||
| 337 |
_aunmediated _2rdamedia. |
||
| 338 |
_avolume _2rdacarrier. |
||
| 490 | 0 |
_aOn İki Levha Yayıncılık ; _vyayın no 490. |
|
| 504 | _aBIBINDX | ||
| 505 | 0 | _aPart I. Eşya Taşıma Sözleşmesi Part II. Fiili Taşıyıcı Kavramı Part III. Fiili Taşıyıcının Sorumluluğu Part IV. Sorumluluk Davası | |
| 650 | 0 |
_aUlaştırma _xHukuk ve mevzuat _zTürkiye _9115764 |
|
| 942 |
_cBK _2lcc |
||
| 999 |
_c200425037 _d2699 |
||